[Event "Marseille op 4th"]
[Site "Marseille"]
[Date "2011.12.26"]
[Round "1"]
[White "Loiseau, Quentin"]
[Black "Nerino Escoubet, Nicolas"]
[Result "1-0"]
[WhiteElo "2213"]
[BlackElo "1679"]
[PlyCount "55"]
[EventDate "2011.12.26"]
[EventType "swiss"]
[EventRounds "9"]
[EventCountry "FRA"]
[SourceTitle "CBM 146 Extra"]
[Source "ChessBase"]
[SourceDate "2012.02.29"]
[SourceVersion "1"]
[SourceVersionDate "2012.02.29"]
[SourceQuality "1"]

1. d4 d5 2. c4 c6 3. Nf3 Nf6 4. e3 Bf5 5. Nc3 e6 6. Nh4 Bg4 7. Qb3 b6 8. h3 Bh5 9. g4 Ne4 10. Nf3 Bg6 11. Ne5 Bd6 12. Nxg6 fxg6 13. Nxe4 dxe4 14. c5 bxc5 15. Qxe6+ Qe7 16. d5 a6 17. Bd2 Rf8 18. Bc3 Ra7 19. Bc4 Rd7 20. 0-0-0 Rxf2 21. Rhf1 Rxf1 22. Rxf1 Kd8 23. Ba5+ Kc8 24. Qg8+ Kb7 25. Rf7 Qe5 26. Rxd7+ Nxd7 27. dxc6+ Ka7 28. Qc8 1-0